000 00603nam a2200193Ia 4500
003 GCL
008 140319s9999 xx 000 0 eng d
040 _aGCL /
_cGCL
082 0 4 _a338.064
_bR P
100 1 _aRUPERT, MARK
245 1 0 _aPRODUCING HEGEMONY: THE POLITICS OF MASS PRODUCTION AND AMERICAN GLOBAL POWER /
_cRUPERT, MARK
260 _a[S.N] :
_bCAMBRIDGE UNIVERSITY PRESS ،
_c1995
300 _a261 P
650 0 4 _aMASS PRODUCING - HISTORY
650 0 4 _aINTERNATIONAL ECONOMIC RELATIONS
650 0 4 _aECONOMIC SCIENCE
650 0 4 _aUNITED STATES - FOREIGN RELATIONS
942 _2ddc
_cBK
999 _c13536
_d13536